Teorías de aprendizaje para maestros

Guardat en:
Dades bibliogràfiques
Autor principal: Bigge, Morris L (Autor)
Format: Llibre
Idioma:espanyol
Publicat: Ciudad de México Trillas 1979
Matèries:
Etiquetes: Afegir etiqueta
Sense etiquetes, Sigues el primer a etiquetar aquest registre!

MARC

LEADER 00000nam a2200000 a 4500
001 UCY4695
003 CL-VaPUC
008 950324e19790000MX |||||||||||||||||spa|d
082 0 4 |a 370.1523  |b BIG  |2 21 
100 0 |a Bigge, Morris L  |e author  |9 333158 
245 1 0 |a Teorías de aprendizaje para maestros 
300 |a 414 p 
942 |c BK 
945 |d 19950324 00:00:00  |a rbrito 
260 |a Ciudad de México  |b Trillas  |c 1979 
650 0 |a Psicología del aprendizaje  |9 306854 
650 0 |a Formación profesional de profesores  |9 307493 
583 |a last modification  |c 19950324 00:00:00  |k Rodrigo Vera 
999 |c 232471  |d 232469 
952 |0 0  |1 0  |4 0  |6 370_152300000000000_BIG_1979  |7 0  |8 A  |9 236983  |a BIBEDU  |b BIBEDU  |d 2019-11-15  |i 3069680  |o 370.1523 BIG 1979  |p 3069680  |r 2019-11-15  |w 2019-11-15  |y BK  |k EDU 
952 |0 0  |1 0  |4 0  |6 370_152300000000000_BIG_1979  |7 0  |8 A  |9 236984  |a BIBEDU  |b BIBEDU  |d 2019-11-15  |i 3069699  |o 370.1523 BIG 1979  |p 3069699  |r 2019-11-15  |w 2019-11-15  |y BK  |k EDU 
952 |0 0  |1 0  |4 0  |6 370_152300000000000_BIG_1979  |7 0  |8 A  |9 236985  |a BIBEDU  |b BIBEDU  |d 2019-11-15  |i 3069702  |o 370.1523 BIG 1979  |p 3069702  |r 2019-11-15  |w 2019-11-15  |y BK  |k EDU 
952 |0 0  |1 0  |4 0  |6 370_152300000000000_BIG_1979  |7 0  |8 A  |9 236986  |a BIBEDU  |b BIBEDU  |d 2019-11-15  |i 3069710  |o 370.1523 BIG 1979  |p 3069710  |r 2019-11-15  |w 2019-11-15  |y BK  |k EDU 
952 |0 0  |1 0  |4 0  |6 370_152300000000000_BIG_1979  |7 0  |8 A  |9 236987  |a BIBEDU  |b BIBEDU  |d 2019-11-15  |i 3069729  |o 370.1523 BIG 1979  |p 3069729  |r 2019-11-15  |w 2019-11-15  |y BK  |k EDU 
952 |0 0  |1 0  |4 0  |6 370_152300000000000_BIG_1979  |7 0  |8 A  |9 236988  |a BIBEDU  |b BIBEDU  |d 2019-11-15  |i 3069737  |o 370.1523 BIG 1979  |p 3069737  |r 2019-11-15  |w 2019-11-15  |y BK  |k EDU 
952 |0 0  |1 0  |4 0  |6 370_152300000000000_BIG_1979  |7 0  |8 A  |9 236989  |a BIBEDU  |b BIBEDU  |d 2019-11-15  |i 3069745  |o 370.1523 BIG 1979  |p 3069745  |r 2019-11-15  |w 2019-11-15  |y BK  |k EDU 
952 |0 0  |1 0  |4 0  |6 370_152300000000000_BIG_1979  |7 0  |8 A  |9 236990  |a BIBEDU  |b BIBEDU  |d 2019-11-15  |i 3069753  |o 370.1523 BIG 1979  |p 3069753  |r 2019-11-15  |w 2019-11-15  |y BK  |k EDU